Le crime D´Ovide plouffe
Salvato in:
| Autore principale: | |
|---|---|
| Natura: | Libro |
| Lingua: | Undetermined |
| Pubblicazione: |
Ottawa, Canadá
E.T.R.
1982
|
| Soggetti: | |
| Tags: |
Aggiungi Tag
Nessun Tag, puoi essere il primo ad aggiungerne!!
|
MARC
| LEADER | 00000nam a2200000Ia 4500 | ||
|---|---|---|---|
| 008 | 170316s9999 xx 000 0 und d | ||
| 040 | |a cru BVZT | ||
| 090 | |a 818 L-17c | ||
| 100 | |a Lemelin, Roger | ||
| 245 | |a Le crime D´Ovide plouffe | ||
| 260 | |a Ottawa, Canadá | ||
| 260 | |b E.T.R. | ||
| 260 | |c 1982 | ||
| 300 | |a [s.páginas] | ||
| 650 | |a LITERATURA CANADIENSE | ||
| 942 | |c 15 D | ||
| 999 | |c 6514 |d 6514 | ||
